MVP and Finals MVP in the Same Season - Statistics

General Stats
  • This quiz has been taken 73 times
    24 since last reset
  • The average score is 14 of 16
Answer Stats
Hint Answer % Correct
2025 Shai Gilgeous-Alexander
100%
2013 LeBron James
95%
1994 Hakeem Olajuwon
91%
2012 LeBron James
91%
1998 Michael Jordan
91%
1996 Michael Jordan
91%
1992 Michael Jordan
91%
1991 Michael Jordan
91%
1986 Larry Bird
86%
1987 Magic Johnson
86%
2000 Shaquille O'Neal
86%
2003 Tim Duncan
86%
1984 Larry Bird
82%
1971 Kareem Abdul-Jabbar
73%
1983 Moses Malone
73%
1970 Willis Reed
59%
No matching quizzes found
Score Distribution
Percent of People with Each Score
Percentile by Number Answered
Your Score History
You have not taken this quiz since the last reset